Sanat "Leijonakuningas" - Ellinoora - Statistics

Yleistilastot
  • Tätä visaa on pelattu 116 kertaa
  • Keskiarvotulos 120 / 180
Vastaustilastot
Vastaus % Oikein
ku
99%
ei
92%
en
91%
kun
91%
leijonakuningas
89%
on
89%
huomenna
86%
ihmisen
86%
puolikas
86%
ennen
85%
tänään
85%
isona
84%
84%
tulee
84%
kysyttiin
82%
mikä
82%
musta
82%
Koulussa
81%
tai
81%
joku
80%
ne
80%
ilmaan
78%
lätkänpelaaja
78%
laulaja
78%
nauraa
78%
nostetaan
78%
häpeää
77%
lapsena
77%
luokas
77%
me
77%
olla
77%
tunneta
77%
hiljaa
76%
lauletaan
76%
kovempaa
74%
muu
74%
pitäs
73%
viljaa
72%
kämmenen
70%
kasvetaan
70%
mitään
70%
rintaan
70%
tuu
70%
viivoja
70%
keskikaljamaljat
69%
leukaa
69%
paineta
69%
ja
68%
koskaan
68%
pulpettia
65%
sen
65%
unelmani
65%
panee
64%
täyteen
64%
tehtävänantoon
64%
tutkin
64%
vastannut
64%
raaputin
62%
mieli
61%
59%
kertoi
53%
metsiä
49%
ens
46%
et
46%
hoilaat
46%
kesänä
46%
mukana
46%
joita
43%
lauluja
43%
vaan
43%
mun
42%
samos
42%
pahaa
41%
pizzerioissa
39%
rakkaus
38%
rauha
38%
muut
36%
näit
36%
puhukaa
36%
rock
36%
ufolla
36%
älä
35%
lentäneen
35%
paremmin
35%
peittää
35%
rustaan
35%
siel
35%
tänne
35%
toiset
35%
ajatteli
34%
hyvää
34%
jokainen
34%
joskus
34%
kaikille
34%
luuseri
34%
pätee
34%
usko
34%
verta
34%
aikaan
32%
samaan
32%
toivon
32%
elämästä
31%
jaeta
31%
jotain
31%
kyl
31%
löydetään
31%
pyhää
31%
ulkoavaruudessa
31%
ainakaan
28%
pelkäsin
26%
aiemmin
24%
Ehtoja vastaavia visoja ei löytynyt
Tulosjakauma
Jokaisen tuloksen saaneiden osuus
Persentiili vastausten määrän mukaan
Tuloshistoriasi
Et ole pelannut tätä visaa